000
00306nam a22001217a 4500
008
160430b xxu||||| |||| 00| 0 eng d
020
_a
9780534406745
020
_a
0534406742
041
_a
eng
080
_a
612.39
245
_a
Nutrition concepts and controversies:
_c
Jana R. Kicklighter;
942
_2
udc
_c
BK
999
_c
1719
_d
1719